000 00378pab a2200145 454500
008 180718b1999 xxu||||| |||| 00| 0 eng d
100 _aSchneider, Susan C.
245 _aHuman and inhuman resource management: sense and nonsense
260 _c1999
300 _ap.277-84
362 _aMay
650 _aHuman resources development
773 _aOrganization
909 _a41666
999 _c41666
_d41666